Pokemony typu... #12 - Statystyki

Ogólne statystyki
  • Ten quiz został rozwiązany 39 razy
    36 od ostatniego zresetowania
  • Średni wynik to 37 z 133
Statystyki odpowiedzi
Pokemon % Poprawnych
Pidgey
82%
Mega Pidgeot
79%
Pidgeot
79%
Pidgeotto
79%
Rattata
79%
Alolański Raticate
75%
Raticate
75%
Gigantamax Snorlax
71%
Snorlax
71%
Tauros
71%
Alolańska Rattata
64%
Persian
61%
Spearow
61%
Fearow
57%
Gigantamax Meowth
57%
Jigglypuff
57%
Meowth
57%
Chansey
50%
Kangaskhan
50%
Mega Kangaskhan
50%
Ursaring
50%
Wigglytuff
50%
Blissey
46%
Eevee
46%
Gigantamax Eevee
46%
Miltank
46%
Arceus
43%
Dodrio
43%
Doduo
43%
Galariański Zigzagoon
43%
Teddiursa
43%
Zigzagoon
43%
Furret
39%
Igglybuff
39%
Lickitung
39%
Munchlax
39%
Sentret
39%
Bibarel
36%
Hoothoot
36%
Noctowl
36%
Porygon
36%
Staraptor
36%
Staravia
36%
Starly
36%
Bidoof
32%
Galariański Linoone
32%
Linoone
32%
Regigigas
32%
Ditto
29%
Pidove
29%
Porygon2
29%
Slaking
29%
Farfetch'd
25%
Obstagoon
25%
Porygon-Z
25%
Skitty
25%
Taillow
25%
Tranquill
25%
Unfezant
25%
Zangoose
25%
Cinccino
21%
Delcatty
21%
Happiny
21%
Slakoth
21%
Vigoroth
21%
Aipom
18%
Audino
18%
Bewear
18%
Buneary
18%
Castform (Normalna Forma)
18%
Drampa
18%
Dubwool
18%
Heliolisk
18%
Komala
18%
Lopunny
18%
Mega Audino
18%
Mega Lopunny
18%
Meloetta (Forma Arii)
18%
Meloetta (Forma Piruetu)
18%
Minccino
18%
Oranguru
18%
Patrat
18%
Pyroar
18%
Rufflet
18%
Silvally
18%
Type: Null
18%
Wooloo
18%
Ambipom
14%
Bouffalant
14%
Fletchling
14%
Helioptile
14%
Herdier
14%
Lickylicky
14%
Lillipup
14%
Skwovet
14%
Stantler
14%
Stoutland
14%
Stufful
14%
Yungoos
14%
Azurill
11%
Braviary
11%
Bunnelby
11%
Chatot
11%
Deerling (Forma Jesienna)
11%
Deerling (Forma Letnia)
11%
Deerling (Forma Wiosenna)
11%
Deerling (Forma Zimowa)
11%
Diggersby
11%
Dunsparce
11%
Glameow
11%
Litleo
11%
Loudred
11%
Pikipek
11%
Purugly
11%
Sawsbuck (Forma Jesienna)
11%
Sawsbuck (Forma Letnia)
11%
Sawsbuck (Forma Wiosenna)
11%
Sawsbuck (Forma Zimowa)
11%
Toucannon
11%
Watchog
11%
Exploud
7%
Furfrou
7%
Girafarig
7%
Smeargle
7%
Spinda
7%
Swablu
7%
Trumbeak
7%
Whismur
7%
Greedent
4%
Gumshoos
4%
Indeedee
4%
Sweilow
4%
Kelceon
0%
Nie znaleziono quizów pasujących do podanych kryteriów
Rozkład punktacji
Procent ludzi z każdym wynikiem
Percentyl według liczby udzielonych odpowiedzi
Twoja historia wyników
Nie rozwiązałeś tego quizu od ostatniego zresetowania